Dark Souls Category Elimination - Magic - Statistics

General Stats
  • This quiz has been taken 9 times
  • The average score is 9 of 20
Answer Stats
Category Criteria # Answer % Correct
Pyromancy Is a Pyromancy 20
89%
Sorceries Is a Sorcery 28
67%
Sorceries that requires 20 or less intelligence to use 22
67%
Pyromancy That is not sold by Laurentius 15
67%
Pyromancy and not sold by Quelana of Izalith 9
67%
Miracle Is a Miracle 23
67%
Miracle that does not heal the player or others 17
67%
Miracle and is obtainable by joining or ranking up in a covenant 6
67%
Sorceries that does not deal direct damage 15
56%
Pyromancy and is obtainable in Quelaag's Domain 3
56%
Catalyst is a Talisman, Catalyst, or Laurentius gift 19
56%
Sorceries and has five or more uses 6
44%
Catalyst Whose lowest/base magic adjust is lower that 110 9
33%
Catalyst and has A scaling in its' primary stat 6
33%
Miracle and does not have the word Spear in its' name 3
22%
Sorceries and is sold by Dusk of Oolacile 1 Chameleon
22%
Pyromancy and is a reward for being +2 in the Chaos Servant covenant 1 Chaos Storm
22%
Miracle and only has 1 use 1 Darkmoon Blade
22%
Catalyst and is a drop from a NPC character 2
11%
Catalyst and also requires killing a chaos bug 1 Sunlight Talisman
11%
No matching quizzes found
Score Distribution
Percent of People with Each Score
Percentile by Number Answered
Your Score History
You have not taken this quiz